Unnötiges Wissen über Weihnachten - Statistiken

Allgemein
  • Dieses Quiz wurde 69 mal gespielt
  • Das Durchschnittsergebnis liegt bei 4 aus 8
Antwortstatistiken
Frage Antwort % Korrekt
Warum hängen die Leute Lichter an den Weihnachtsbaum? zur Dekoration
97%
Welche Farbe hatte der Weihnachtsmann vor der Coca-Cola-Werbung oft? Grün
66%
Warum backt man Plätzchen an Weihnachten? weil es Tradition ist
61%
Warum waren Christbaumkugeln urspünglich rot? wegen der Äpfel am Paradiesbaum
50%
In welchem Land bringt eine Hexe die Weihnachtsgeschenke? Tschechien
47%
Wie viele Rentiere hat der Weihnachtsmann an seinem Schlitten? 9
26%
Was ist statistisch gesehen der häufigste Streit an Weihnachten? wer den Baum schmückt
19%
In welchem Lan isst man an Weihnachten traditionell KFC? Japan
18%
Keine übereinstimmenden Quizze gefunden
Verteilung der Resultate
Anzahl Personen mit jedem Resultat
Perzentil nach korrekt beantworteten Fragen
Ihre Resultats-Entwicklung
Sie haben dieses Quiz noch nicht gespielt